Tallest Building in every Country - Statistics

General Stats
  • This quiz has been taken 9 times
  • The average score is 25 of 197
Answer Stats
Country Height City Building % Correct
United Arab Emirates 830m (2,722ft) Dubai Burj Khalifa
88%
Taiwan 509m (1,671ft) Taipei Taipei 101
75%
United States of America 541m (1,776ft) New York CIty One World Trade Center
50%
Australia 323m (1,058ft) Gold Coast Q1
50%
North Korea 330m (1,083ft) Pyongyang Ryugyong Hotel
50%
China 632m (2,073ft) Shanghai Shanghai Tower
50%
Saudi Arabia 601m (1,972ft) Mecca Abraj Al Bait
38%
Egypt 394m (1,292ft) New Administrative Capital Iconic Tower
38%
South Korea 555m (1,819ft) Seoul Lotte World Tower
38%
Malaysia 679m (2,227ft) Kuala Lumpur Merdeka 118
38%
Cyprus 170m (558ft) Limassol One
38%
Kuwait 413m (1,354ft) Kuwait City Al Hamra Tower
25%
Indonesia 383m (1,256ft) Jakarta Autograph Tower
25%
Russia 462m (1,516ft) Saint Petersburg Lakhta Center
25%
Vietnam 461m (1,513ft) Ho Chi Minh City Landmark 81
25%
Qatar 301m (988ft) Lusail/Doha Lusail Plaza Tower 3/4
25%
United Kingdom 306m (1,004ft) London The Shard
25%
Poland 310m (1,017ft) Warsaw Varso Tower
25%
Togo 102m (335ft) Lomé 2 Fevrier Sofitel Hotel
13%
Kazakhstan 311m (1,020ft) Astana Abu Dhabi Plaza
13%
Yemen 100m (328ft) Sana'a Al Saleh Mosque
13%
Sri Lanka 240m (787ft) Colombo Altair
13%
Guatemala 112m (367ft) Guatemala City Altaire
13%
Ghana 92m (302ft) Accra Alto
13%
Argentina 235m (770ft) Buenos Aires Alvear Tower
13%
Suriname 55m (180ft) Paramaribo Assuria Hermitage Highrise
13%
Greece 103m (338ft) Athens Athens Tower 1
13%
(the) Bahamas 93m (305ft) Nassau Atlantis Royal Tower East
13%
Bosnia and Herzegovina 172m (564ft) Sarajevo Avaz Twist Tower
13%
Japan 325m (1,067ft) Tokyo Azabudai Hills Mori JP Tower
13%
Israel 238m (782ft) Tel Aviv Yafo Azrieli Sarona Tower
13%
Czechia 111m (364ft) Brno AZ Tower
13%
Comoros 36m (118ft) Moroni Badjanani Mosque
13%
Pakistan 273m (896ft) Karachi Bahria Icon Tower
13%
Azerbaijan 277m (909ft) Baku Baku Tower
13%
Nicaragua 61m (200ft) Managua Banco de America
13%
Mauritius 124m (407ft) Port Louis Bank of Mauritius Building
13%
Ivory Coast 158m (518ft) Yamoussoukro Basilica of Our Lady of Peace
13%
Georgia 200m (656ft) Batumi Batumi Technological University Tower
13%
Mali 80m (262ft) Bamako BCEAO Tower
13%
Benin 64m (210ft) Cotonou BCEAO Tower
13%
Colombia 216m (709ft) Bogotá BD Bacatá Torre Sur
13%
Gabon 70m (230ft) Libreville BEAC Building
13%
Serbia 168m (551ft) Belgrade Belgrade Tower
13%
Kyrgyzstan 75m (246ft) Bishkek Bishkek Park
13%
Guinea-Bissau 52m (171ft) Bissau Bissau Cathedral
13%
Bangladesh 200m (656ft) Kushtia BRB Cable/VCV Tower
13%
Kenya 200m (656ft) Nairobi Britam Tower
13%
Montenegro 51m (168ft) Podgorica Bulevar Mitra Bakića
13%
Libya 144m (472ft) Tripoli Burj Bulaya Office Tower 1
13%
Andorra 80m (262ft) Escaldes-Engordany Caldea
13%
Barbados 50m (164ft) Bridgetown Central Bank of Barbados
13%
Liberia 39m (128ft) Monrovia Central Bank of Liberia
13%
Ethiopia 209m (687ft) Addis Ababa Commercial Bank of Ethiopia Headquarters
13%
Germany 259m (850ft) Frankfurt am Main Commerzbank Tower
13%
Tajikistan 123m (404ft) Dushanbe Communications Service Building
13%
Slovenia 89m (292ft) Ljubljana Crystal Palace
13%
Somalia 100m (329ft) Mogadishu Dahab Tower
13%
Croatia 110m (361ft) Split Dalmatia Tower
13%
Syria 120m (394ft) Damascus Damascus Tower
13%
Austria 220m (722ft) Vienna DC Tower 1
13%
Netherlands 215m (705ft) Rotterdam De Zalmhaven
13%
Maldives 100m (328ft) Malé Dharumavantha Hospital
13%
Myanmar 122m (400ft) Yangon Diamond Inya Palace
13%
Haiti 49m (161ft) Port-au-Prince Digicel Turgeau
13%
East Timor 57m (188ft) Dili Dili Financial Business Centre
13%
Burkina Faso 48m (157ft) Ouagadougou BCEAO Building
13%
Algeria 264m (867ft) Algiers Djamaâ El Djazaïr
13%
Albania 150m (490ft) Tirana Downtown One
13%
Iraq 180m (591ft) Erbil E1 Tower
13%
Armenia 85m (279ft) Yerevan Elite Plaza Business Center
13%
South Sudan 46m (151ft) Juba Equatoria Tower
13%
Lithuania 129m (423ft) Vilnius Europa Tower
13%
Slovakia 168m (551ft) Bratislava Eurovea Tower
13%
Zambia 90m (295 ft) Lusaka Findeco House
13%
Canada 298m (978ft) Toronto First Canadian Place
13%
Bahrain 270m (890ft) Manama Four Seasons Hotel
13%
Equatorial Guinea 58m (190ft) Malabo Gepetrol Building
13%
Philippines 318m (1,043ft) Taguig Grand Hyatt Manila
13%
Chile 300m (984ft) Santiago Gran Torre Costanera
13%
Bolivia 163m (536ft) La Paz Green Tower
13%
Singapore 290m (950ft) Singapore Guoco Tower
13%
Thailand 315m (1,033ft) Bangkok Iconsiam
13%
Türkiye 352m (1,155ft) Istanbul IFC Central Bank Tower
13%
Honduras 122m (400ft) San Pedro Sula Igvanas Tara
13%
Senegal 76m (250ft) Dakar Immeuble Kébé
13%
Mauritania 54m (177ft) Nouakchott Immeuble SNIM
13%
Angola 145m (476ft) Luanda IMOB Business Tower
13%
Trinidad and Tobago 109m (357ft) Port of Spain International Waterfront Tower C
13%
Botswana 105m (344ft) Gaborone iTowers
13%
Panama 284m (932ft) Panama City JW Marriott Panama
13%
Guinea 100m (328ft) Conakry Kakimbo Towers
13%
Sweden 247m (810ft) Gothenburg Karlatornet
13%
Rwanda 90m (295ft) Kigali Kigali City Tower
13%
Ukraine 168m (551ft) Kyiv Klovski Descent 7
13%
Cuba 154m (505ft) Havana La Torre López-Callejas
13%
Malta 112m (367ft) St. Julian's Mercury Tower
13%
Djibouti 51m (167ft) Djibouti Mezz Tower
13%
Niger 75m (246ft) Niamey Ministère des Finances
13%
Brunei 120m (390ft) Bandar Seri Begawan Ministry of Finance Building
13%
Morocco 250m (820ft) Salé Mohammed VI Tower
13%
Afghanistan 201m (659ft) Kabul Mohib Towers
13%
Hungary 143m (469ft) Budapest MOL Campus
13%
Eswatini 39m (128ft) Mbabane Mona Residence
13%
Cambodia 244m (800ft) Phnom Penh Morgan Enmaison 2
13%
Nigeria 160m (526ft) Lagos NECOM House
13%
Uzbekistan 267m (874ft) Tashkent Nest One
13%
Zimbabwe 120m (394ft) Harare New Reserve Bank Tower
13%
Eritrea 39m (128ft) Asmara NICE Building
13%
Papua New Guinea 100m (328ft) Port Moresby Noble Center
13%
Uganda 155m (509ft) Kampala NSSF Pension Towers
13%
Namibia 100m (328ft) Windhoek Old Mutual Namibia Headquarters
13%
Chad 70m (230ft) N'Djamena ONRTV Tower
13%
Central African Republic 44m (144ft) Bangui Ouday Skaiky Tower
13%
Luxembourg 118m (387ft) Luxembourg Palais de la Cour de Justice
13%
India 320m (1,050ft) Mumbai Palais Royale
13%
Palestine 76m (249ft) Ramallah Palestine Trade Tower
13%
Nepal 58m (190ft) Tokha/Kathmandu Park View Horizon
13%
Venezuela 225m (738ft) Caracas Parque Central Torre Officinas I
13%
Jamaica 60m (197ft) Kingston Pegasus Hotel
13%
Guyana 40m (130ft) Georgetown Pegasus Hotel
13%
(the) Gambia 43m (140ft) Serrekunda Petroleum House
13%
Tanzania 160m (525ft) Dar es Salaam PPF Tower II
13%
Malawi 43m (141ft) Lilongwe President Walmont Hotel
13%
Cameroon 90m (295ft) Yaoundé Prime Ministry Building
13%
Norway 117m (384ft) Oslo Radisson Blu Plaza Hotel
13%
Democratic Republic of the Congo 108m (354ft) Kinshasa River Towers
13%
Switzerland 205m (673ft) Basel Roche Tower 2
13%
Moldova 77m (253ft) Chișinău Romashka Tower
13%
Jordan 188m (617ft) Amman Rotana Hotel
13%
Lebanon 195m (640ft) Beirut Sama Beirut
13%
Sierre Leone 64m (210ft) Freetown Sam Bangura Building
13%
Bhutan 55m (180ft) Phuentsholing Sangye Migyur Ling Lhakhang
13%
Liechtenstein 39m (128ft) Vaduz Schwefelstrasse 25
13%
New Zealand 187m (614ft) Auckland Seascape
13%
Mongolia 120m (394ft) Ulaanbaatar Shangri-La Wind Valley Wing Hotel
13%
Oman 53m (174ft) Muscat Sheraton Oman Hotel
13%
Bulgaria 202m (663ft) Sofia Sky Fort
13%
Iceland 78m (255ft) Kópavogur Smáratorg Office Tower
13%
Lesotho 39m (128ft) Maseru Standard Lesotho Bank
13%
Ireland 95m (313ft) Cobh St Colman's Cathedral
13%
Saint Vincent and the Grenadines 43m (141ft) Kingstown St. George's Anglican Cathedral
13%
Estonia 124m (406ft) Tallinn St. Olaf's Church
13%
Iran 192m (630ft) Tabriz Tabriz WTC
13%
South Africa 234m (768ft) Sandton/Johannesburg The Leonardo
13%
France 244m (801ft) Courbevoie/Paris The Link
13%
Mexico 305m (1,002ft) Monterrey T.Op Torre 1
13%
Uruguay 158m (517ft) Montevideo Torre Antel
13%
Dominican Republic 178m (588ft) Santo Domingo Torre Caney
13%
Spain 249m (817ft) Madrid Torre de Cristal
13%
Tunisia 83m (271ft) Tunis Tour de la nation
13%
Belgium 171m (561ft) Anderlecht/Brussels Tour du Midi
13%
Monaco 170m (558ft) La Rousse Tour Odéon
13%
Italy 231m (758ft) Milan UniCredit Tower
13%
Portugal 145m (476ft) Lisbon Vasco da Gama
13%
Cape Verde 47m (153ft) Mindelo Verde Cara
13%
Fiji 112m (367ft) Suva WG Friendship Plaza Suva
13%
San Marino 39m (128ft) Serravalle World Trade Center
13%
Brazil 294m (965ft) Balneário Camboriú Yachthouse Residence Club
13%
Turkmenistan 107m (351ft) Ashgabat Yyldyz Hotel
13%
Latvia 123m (404ft) Riga Zunda Towers
13%
Solomon Islands 21m (69ft) Honiara Anthony Saru Building
0%
Mozambique 130m (427ft) Maputo Banco de Moçambique Tower 1
0%
North Macedonia 130m (427ft) Skopje Cevahir Towers
0%
Saint Lucia 30m (98ft) Castries Courtyard By Marriott Hotel
0%
Dominica 26m (85ft) Roseau Financial Center
0%
Romania 137m (449ft) Bucharest Floreasca City Sky Tower
0%
Vanuatu 22m (72ft) Port Vila Grand Hotel and Casino Vanuatu
0%
Paraguay 142m (466ft) Asunción Icono Tower
0%
Kiribati 16m (51ft) Tarawa Kiribati Parliament Building
0%
Laos 138m (453ft) Vientiane Latsavong Plaza
0%
Seychelles 30m (98ft) Victoria Le Chantier Mall
0%
Burundi 32m (105ft) Bujumbura Le Panoramique Hotel
0%
Costa Rica 141m (463ft) San José Leumi Business Center
0%
Micronesia 15m (49ft) Weno Level 5 Hotel
0%
Denmark 143m (468ft) Aarhus Lighthouse
0%
Finland 132m (432ft) Helsinki Majakka
0%
Marshall Islands 15m (49ft) Majuro Marshall Islands Capitol Building
0%
São Tomé and Príncipe 21m (69ft) São Tomé Monte Palácio
0%
Sudan 130m (427ft) Khartoum NTC Tower
0%
Nauru 17m (56ft) Aiwo OD-N-Aiwo Hotel
0%
Madagascar 125m (410ft) Antananarivo Orange Telecommunication Tower
0%
Palau 25m (82ft) Koror Palasia Hotel
0%
Belarus 133m (436ft) Minsk Parus
0%
Kosovo 125m (410ft) Pristina Pristina City Center
0%
Belize 34m (111ft) Belize City Renaissance Tower
0%
Samoa 34m (112ft) Apia Samoan Government Building
0%
Saint Kitts and Nevis 26m (85ft) Basseterre St. George's Anglican Church
0%
Tonga 23m (75ft) Nukuʻalofa St George's Palace
0%
Antigua and Barbuda 21m (69ft) St. John's St. John's Cathedral
0%
Vatican City 137m (448ft) Vatican St. Peter's Basilica
0%
Peru 140m (460ft) Lima Torre Banco de la Nación
0%
El Salvador 125m (410ft) San Salvador Torre Millenium
0%
Ecuador 137m (448ft) Guayaquil Torre The Point
0%
Republic of the Congo 136m (446ft) Brazzaville Tours Mpila
0%
Tuvalu 16m (52ft) Funafuti Tuvalu Government Building
0%
Grenada 23m (75ft) St. George's Waldorf Apartments
0%
No matching quizzes found
Score Distribution
Percent of People with Each Score
Percentile by Number Answered
Your Score History
You have not taken this quiz